A-Z Adventure Time - Statistics

General Stats
  • This quiz has been taken 149 times
  • The average score is 12 of 26
Answer Stats
Letter Hint Answer % Correct
A A fruit-based dish that Tree Trunks often bakes for herself and others. Apple pie
100%
B Finn and Jake's living video game console system. BMO
99%
C The kingdom was founded by Princess Bubblegum. Candy Kingdom
96%
F The protagonist of Adventure Time. Finn
93%
J He is a dog/shape-shifter hybrid, referred to by others as a "magical dog." Jake
90%
M A fun-loving 1,000-year-old vampire queen. Marceline
85%
O The main setting of Adventure Time. The Land of... Ooo
83%
P She rules over the Candy Kingdom. Princess Bubblegum
83%
I He was once a good human but lost his everything due to his ice powers. Ice King
81%
T A yellow-green pygmy elephant who is a friend of Finn and Jake. Tree Trunks
78%
N An alternate dimension inhabited by a multitude of other Demons. Nightosphere
61%
K A criminal and the former ruler of Candy Kingdom. King of Ooo
58%
D The land ruled by Desert Princess. Desert Kingdom
53%
E Ruler of the Earldom of Lemongrab, and the heir to the Candy Kingdom. Earl of Lemongrab
51%
X Once a goblin king who was a jerk to the citizens of his kingdom. Xergiok
32%
G The name of the game that Jake and Finn are transported into. Guardians of Sunshine
21%
W A magical settlement hidden in a mountain range in the Land of Ooo. Wizard City
20%
Q Ruler of Pillow World and father of Roselinen. Quilton
13%
L The queen of Lumpy Space. Lump Space Princess
4%
R A collection of tunnels that used to transport goods to the Candy Kingdom. Rock Candy Mines
4%
H A dungeon created by Ice King for an unknown master plan. Hall of Just Ice
3%
U A device Jake uses in order to hang out with Finn and Lady Rainicorn. Universal translator device
3%
Z Schwabl is Marceline's pet... Zombie poodle
3%
V The home of Stanley and other fruits and vegetables. Veggie Village
2%
Y Resembles Vegimite, being held in a jar. It has a brown colour and a red cap. Yeeargh!
2%
S Machines who are interested in the ways of science and technology. Science Guys
1%
No matching quizzes found
Score Distribution
Percent of People with Each Score
Percentile by Number Answered
Your Score History
You have not taken this quiz